Statistics for Counties Of Kenya On A Map

Click here to take the quiz!

General Stats

  • This quiz has been taken 2,160 times
  • The average score is 25 of 47

Answers on the Map

Answers color-coded by a green-red scale on the quiz's map according to % correct below.
 

Answer Stats

County% Correct
Nairobi
95%
Mombasa
88%
Turkana
73%
Lamu
63%
Kisumu
62%
Nakuru
61%
Kilifi
60%
Garissa
59%
Mandera
59%
Tana River
59%
Marsabit
58%
Meru
58%
Machakos
56%
Wajir
56%
Homa Bay
55%
Isiolo
55%
Kajiado
55%
Taita-Taveta
55%
Nyeri
54%
Kisii
53%
Kitui
53%
Kwale
53%
Narok
53%
Busia
52%
Embu
52%
West Pokot
52%
Kakamega
51%
Kiambu
51%
Samburu
50%
Baringo
49%
Bomet
49%
Makueni
49%
Bungoma
48%
Murang'a
48%
Elgeyo-Marakwet
46%
Nandi
46%
Nyandarua
46%
Tharaka-Nithi
46%
Trans-Nzoia
46%
Laikipia
45%
Migori
45%
Kirinyaga
44%
Kericho
43%
Siaya
43%
Uasin Gishu
43%
Nyamira
41%
Vihiga
41%

Score Distribution

Percentile by Number Answered

Percent of People with Each Score

Your Score History

You have not taken this quiz